00344pab a2200121 454500008004000000100002300040245009100063260000900154300001200163362001000175650001700185773002000202180718b2005 xxu||||| |||| 00| 0 eng d aSchukoske, Jane E. aDeveloping study abroad programmes in India for US students:frequently asked questions c2005 ap.9-14. a5 Sep aStudy abroad aUniversity News